<?xml version="1.0" encoding="UTF-8"?>
<record
    xmlns:xsi="http://www.w3.org/2001/XMLSchema-instance"
    xsi:schemaLocation="http://www.loc.gov/MARC21/slim http://www.loc.gov/standards/marcxml/schema/MARC21slim.xsd"
    xmlns="http://www.loc.gov/MARC21/slim">

  <leader>01522pam a2200409 i 4500</leader>
  <datafield tag="999" ind1=" " ind2=" ">
    <subfield code="c">176080</subfield>
    <subfield code="d">176080</subfield>
  </datafield>
  <controlfield tag="001">vtls000871734</controlfield>
  <controlfield tag="003">PNM</controlfield>
  <controlfield tag="005">20200122115229.0</controlfield>
  <controlfield tag="008">190225s2019    my a   g      000 0 may  </controlfield>
  <datafield tag="015" ind1=" " ind2=" ">
    <subfield code="a">M19-06848</subfield>
  </datafield>
  <datafield tag="020" ind1=" " ind2=" ">
    <subfield code="a">9789672107323</subfield>
    <subfield code="q">paperback</subfield>
    <subfield code="c">RM21.00</subfield>
  </datafield>
  <datafield tag="039" ind1=" " ind2="9">
    <subfield code="a">202001200940</subfield>
    <subfield code="b">masliza</subfield>
    <subfield code="c">201912180919</subfield>
    <subfield code="d">irfah</subfield>
    <subfield code="c">201912160959</subfield>
    <subfield code="d">anis_o</subfield>
    <subfield code="c">201911201105</subfield>
    <subfield code="d">hazwani</subfield>
  </datafield>
  <datafield tag="040" ind1=" " ind2=" ">
    <subfield code="a">BNM</subfield>
    <subfield code="b">eng</subfield>
    <subfield code="c">BNM</subfield>
    <subfield code="d">PNM</subfield>
    <subfield code="d">PPAK</subfield>
    <subfield code="e">rda</subfield>
  </datafield>
  <datafield tag="049" ind1=" " ind2=" ">
    <subfield code="a">mal</subfield>
  </datafield>
  <datafield tag="082" ind1="0" ind2="4">
    <subfield code="a">297.12209</subfield>
    <subfield code="2">23</subfield>
  </datafield>
  <datafield tag="090" ind1="0" ind2="0">
    <subfield code="a">297.12209</subfield>
    <subfield code="b">MOH</subfield>
    <subfield code="d">G</subfield>
  </datafield>
  <datafield tag="100" ind1="0" ind2=" ">
    <subfield code="a">Mohammad Qayyum A. Badaruddin,</subfield>
    <subfield code="c">Mejar (B),</subfield>
    <subfield code="d">1968-</subfield>
    <subfield code="e">author.</subfield>
  </datafield>
  <datafield tag="245" ind1="1" ind2="0">
    <subfield code="a">CINTA QURAN :</subfield>
    <subfield code="b">SEJARAH DAN FAKTA /</subfield>
    <subfield code="c">MEJAR (B) MOHAMAD QAYYUM BIN A. BADARUDDIN</subfield>
  </datafield>
  <datafield tag="264" ind1=" " ind2="1">
    <subfield code="a">[Kajang, Selangor] :</subfield>
    <subfield code="b">Casamas Resources Sdn. Bhd.,</subfield>
    <subfield code="c">2019</subfield>
  </datafield>
  <datafield tag="300" ind1=" " ind2=" ">
    <subfield code="a">149 pages :</subfield>
    <subfield code="b">illustrations ;</subfield>
    <subfield code="c">22 cm</subfield>
  </datafield>
  <datafield tag="336" ind1=" " ind2=" ">
    <subfield code="a">text</subfield>
    <subfield code="2">rdacontent</subfield>
  </datafield>
  <datafield tag="337" ind1=" " ind2=" ">
    <subfield code="a">unmediated</subfield>
    <subfield code="2">rdamedia</subfield>
  </datafield>
  <datafield tag="338" ind1=" " ind2=" ">
    <subfield code="a">volume</subfield>
    <subfield code="2">rdacarrier</subfield>
  </datafield>
  <datafield tag="500" ind1=" " ind2=" ">
    <subfield code="a">Contain verses from the Quran</subfield>
  </datafield>
  <datafield tag="630" ind1="0" ind2="0">
    <subfield code="a">Qur'an</subfield>
    <subfield code="x">History</subfield>
  </datafield>
  <datafield tag="630" ind1="0" ind2="0">
    <subfield code="a">Qur'an</subfield>
    <subfield code="x">Criticism, interpretation, etc.</subfield>
  </datafield>
  <datafield tag="942" ind1=" " ind2=" ">
    <subfield code="2">ddc</subfield>
    <subfield code="c">B</subfield>
  </datafield>
  <datafield tag="949" ind1=" " ind2=" ">
    <subfield code="6">1001401722</subfield>
    <subfield code="a">297.12209 MQA D</subfield>
    <subfield code="e">2612634</subfield>
    <subfield code="s">3712:20200120</subfield>
  </datafield>
  <datafield tag="949" ind1=" " ind2=" ">
    <subfield code="6">1001401723</subfield>
    <subfield code="a">297.12209 MQA D</subfield>
    <subfield code="e">2612635</subfield>
    <subfield code="s">3712:20200120</subfield>
  </datafield>
  <datafield tag="949" ind1=" " ind2=" ">
    <subfield code="6">1001401724</subfield>
    <subfield code="a">297.12209 MQA D</subfield>
    <subfield code="e">2612636</subfield>
    <subfield code="s">3712:20200120</subfield>
  </datafield>
  <datafield tag="949" ind1=" " ind2=" ">
    <subfield code="6">1001405217</subfield>
    <subfield code="a">297.12209 MQA D</subfield>
    <subfield code="e">2613664</subfield>
  </datafield>
  <datafield tag="949" ind1=" " ind2=" ">
    <subfield code="6">1001405218</subfield>
    <subfield code="a">297.12209 MQA D</subfield>
    <subfield code="e">2613665</subfield>
    <subfield code="s">3712:20191109</subfield>
  </datafield>
  <datafield tag="949" ind1=" " ind2=" ">
    <subfield code="6">1001405219</subfield>
    <subfield code="a">297.12209 MQA D</subfield>
    <subfield code="e">2613666</subfield>
    <subfield code="s">3712:20191109</subfield>
  </datafield>
  <datafield tag="949" ind1=" " ind2=" ">
    <subfield code="6">2000690865</subfield>
  </datafield>
  <datafield tag="949" ind1=" " ind2=" ">
    <subfield code="6">2000690864</subfield>
  </datafield>
  <datafield tag="949" ind1=" " ind2=" ">
    <subfield code="6">2000690863</subfield>
  </datafield>
  <datafield tag="952" ind1=" " ind2=" ">
    <subfield code="0">0</subfield>
    <subfield code="7">0</subfield>
    <subfield code="b">PPAK</subfield>
    <subfield code="c">G</subfield>
    <subfield code="d">2020-01-22</subfield>
    <subfield code="o">297.12209 MOH</subfield>
    <subfield code="p">A01629396</subfield>
    <subfield code="r">2020-01-22 00:00:00</subfield>
    <subfield code="y">B</subfield>
  </datafield>
  <datafield tag="952" ind1=" " ind2=" ">
    <subfield code="0">0</subfield>
    <subfield code="7">0</subfield>
    <subfield code="b">SP</subfield>
    <subfield code="c">G</subfield>
    <subfield code="d">2020-01-22</subfield>
    <subfield code="o">297.12209 MOH</subfield>
    <subfield code="p">A01629397</subfield>
    <subfield code="r">2020-01-22 00:00:00</subfield>
    <subfield code="y">B</subfield>
  </datafield>
  <datafield tag="952" ind1=" " ind2=" ">
    <subfield code="0">0</subfield>
    <subfield code="7">0</subfield>
    <subfield code="b">JT</subfield>
    <subfield code="c">G</subfield>
    <subfield code="d">2020-01-22</subfield>
    <subfield code="o">297.12209 MOH</subfield>
    <subfield code="p">A01629398</subfield>
    <subfield code="r">2020-01-22 00:00:00</subfield>
    <subfield code="y">B</subfield>
  </datafield>
  <datafield tag="952" ind1=" " ind2=" ">
    <subfield code="0">0</subfield>
    <subfield code="7">0</subfield>
    <subfield code="b">KM</subfield>
    <subfield code="c">G</subfield>
    <subfield code="d">2020-01-22</subfield>
    <subfield code="o">297.12209 MOH</subfield>
    <subfield code="p">A01629399</subfield>
    <subfield code="r">2020-01-22 00:00:00</subfield>
    <subfield code="y">B</subfield>
  </datafield>
  <datafield tag="952" ind1=" " ind2=" ">
    <subfield code="0">0</subfield>
    <subfield code="7">0</subfield>
    <subfield code="b">LW</subfield>
    <subfield code="c">G</subfield>
    <subfield code="d">2020-01-22</subfield>
    <subfield code="o">297.12209 MOH</subfield>
    <subfield code="p">A01629400</subfield>
    <subfield code="r">2020-01-22 00:00:00</subfield>
    <subfield code="y">B</subfield>
  </datafield>
  <datafield tag="952" ind1=" " ind2=" ">
    <subfield code="0">0</subfield>
    <subfield code="7">0</subfield>
    <subfield code="b">BL</subfield>
    <subfield code="c">G</subfield>
    <subfield code="d">2020-01-22</subfield>
    <subfield code="o">297.12209 MOH</subfield>
    <subfield code="p">A01629401</subfield>
    <subfield code="r">2020-01-22 00:00:00</subfield>
    <subfield code="y">B</subfield>
  </datafield>
  <datafield tag="952" ind1=" " ind2=" ">
    <subfield code="0">0</subfield>
    <subfield code="7">0</subfield>
    <subfield code="b">BB</subfield>
    <subfield code="c">G</subfield>
    <subfield code="d">2020-01-22</subfield>
    <subfield code="o">297.12209 MOH</subfield>
    <subfield code="p">A01629402</subfield>
    <subfield code="r">2020-01-22 00:00:00</subfield>
    <subfield code="y">B</subfield>
  </datafield>
</record>
